| 000 | 00719nam a2200241 a 4500 | ||
|---|---|---|---|
| 001 | 000006862 | ||
| 005 | 20260120073950.0 | ||
| 008 | 090903s1998 dr a 001 spa d | ||
| 040 |
_aDO-SdBNP _bspa _cBNPHU |
||
| 082 |
_a242.2 _bE77 |
||
| 100 | 1 |
_aEspinal, Rafael, _d1956 _919051 |
|
| 245 | 1 | 3 |
_aEl odio enferma el perdón sana / _cRafael Espinal. |
| 260 |
_aSanto Domingo, : _b[s. n.], _c1998. |
||
| 300 |
_a125 p. : _bil ; _c21 cm. |
||
| 500 | _aIncluye datos biográficos | ||
| 650 | 4 |
_aMeditación _9687 |
|
| 650 | 0 |
_aVida espiritual _9268 |
|
| 650 | 4 |
_aOdio _919052 |
|
| 650 | 4 |
_aPerdon _xMeditaciones _919053 |
|
| 650 | 4 |
_aExperiencia religiosa _96844 |
|
| 700 | 1 |
_aFlorentino, Milcíades _919054 |
|
| 049 | _aBNPD | ||
| 999 |
_c6650 _d6650 |
||